Speakig up and activism among frontline employees: (Record no. 506840)

000 -LEADER
fixed length control field 01825nam a2200181Ia 4500
008 - FIXED-LENGTH DATA ELEMENTS--GENERAL INFORMATION
fixed length control field 181130s2018 xx 000 0 und d
100 ## - MAIN ENTRY--PERSONAL NAME
Personal name Loon, Nina M. van et al
245 ## - TITLE STATEMENT
Title Speakig up and activism among frontline employees:
Remainder of title how professional coping influences work engagement and intent to leave among teachers
260 ## - PUBLICATION, DISTRIBUTION, ETC.
Date of publication, distribution, etc. 2018
300 ## - PHYSICAL DESCRIPTION
Extent p.318-328.
504 ## - BIBLIOGRAPHY, ETC. NOTE
-- May
520 ## - SUMMARY, ETC.
Summary, etc. Demands that exceed time and resources place pressure on public professionals, resulting in coping behavior. This study aims to provide insight in the prevalence and consequences of taking a more active strategy, professional coping. Next to traditional forms of coping studied in public administration, studying active coping can result in more insight in when and with what consequences frontline employees speak up and resist pressures. We explore to what degree teachers use speaking out using professional norms as a way to tackle the pressures they face. Moreover, we analyze the relationship between professional coping, work engagement, and intent to leave as important indicators of how immersed frontline employees are in their work. Using survey data (n�= 1,270) from primary school teachers, we conclude that professional coping is in general regularly but not very often applied, but that professional coping is related to higher work engagement and lower intent to leave. We conclude that studying active coping strategies can not only be important for street-level literature in gaining insight in all types of behavior and their consequences but also for public service providers aiming for an engaged workforce. - Reproduced.
650 ## - SUBJECT ADDED ENTRY--TOPICAL TERM
Topical term or geographic name entry element Bureaucracy
650 ## - SUBJECT ADDED ENTRY--TOPICAL TERM
Topical term or geographic name entry element Public administration
650 ## - SUBJECT ADDED ENTRY--TOPICAL TERM
Topical term or geographic name entry element Street level bureaucracy
773 ## - HOST ITEM ENTRY
Main entry heading American Review of Public Administration
906 ## - LOCAL DATA ELEMENT F, LDF (RLIN)
a Bureaucracy
Holdings
Withdrawn status Lost status Damaged status Not for loan Permanent Location Current Location Date acquired Serial Enumeration / chronology Barcode Date last seen Price effective from Koha item type
        Indian Institute of Public Administration Indian Institute of Public Administration 2018-12-07 48(4), May, 2018: p.318-328. AR118635 2018-12-07 2018-12-07 Articles

Powered by Koha